| 000 | 00346nam a2200145Ia 4500 | ||
|---|---|---|---|
| 008 | 191201s2013 xx 000 0 und d | ||
| 082 |
_a621.4022 _bKUH |
||
| 100 | _aKUMAR, D S | ||
| 245 | 0 | _aHeat and Mass Transfer | |
| 250 | _aRep. | ||
| 260 |
_aN.Delhi _bS K Kataria and Sons _c2013 |
||
| 300 | _a749 | ||
| 650 | _aB.Tech(ME) | ||
| 942 |
_2ddc _cBK |
||
| 999 |
_c3622 _d3622 |
||